[Event "Victoria Grand Pacific op"]
[Site "Victoria"]
[Date "2023.04.10"]
[Round "6"]
[White "Wu, Nathan Ping Ying"]
[Black "Sali, Zulfikar A"]
[Result "0-1"]
[WhiteElo "1933"]
[BlackElo "2205"]
[PlyCount "174"]
[EventDate "2023.04.07"]
[EventType "swiss"]
[EventRounds "6"]
[EventCountry "CAN"]
[SourceTitle "CBM 213 Extra"]
[Source "ChessBase"]
[SourceDate "2023.05.31"]
[SourceVersion "1"]
[SourceVersionDate "2023.05.31"]
[SourceQuality "1"]

1. d4 Nf6 2. Bf4 d5 3. Nc3 a6 4. e3 c5 5. dxc5 Nc6 6. a3 e5 7. Bg5 d4 8. exd4 Qxd4 9. Bxf6 gxf6 10. Qxd4 Nxd4 11. 0-0-0 Bf5 12. Bd3 Bxc5 13. Nd5 Bxd3 14. Rxd3 0-0-0 15. Nxf6 Be7 16. Ng4 e4 17. Rd1 f5 18. Ne5 Rhg8 19. g3 Bg5+ 20. Kb1 Nc6 21. Rxd8+ Rxd8 22. Nh3 Nxe5 23. Nxg5 h6 24. Nh3 Nf3 25. Kc1 Rd2 26. Rf1 Rd6 27. Rd1 Kc7 28. Nf4 Nxh2 29. Nd5+ Kd7 30. Ne3 Rxd1+ 31. Kxd1 Ke6 32. Ke2 Nf3 33. a4 h5 34. Ng2 Kf6 35. Ke3 Kg5 36. b3 Kg4 37. c3 Nh2 38. Ke2 Kg5 39. b4 Nf3 40. Ke3 Ne5 41. Nf4 Nc4+ 42. Ke2 Nb2 43. a5 h4 44. Ne6+ Kf6 45. Nf4 Nd3 46. Nh3 hxg3 47. fxg3 Ke5 48. Ke3 Nb2 49. Nf4 Nc4+ 50. Ke2 Kf6 51. Kf2 Kg5 52. Nd5 Nb2 53. Ne3 Kf6 54. Nd5+ Ke6 55. Nf4+ Kd6 56. Ke3 Nc4+ 57. Kd4 Ne5 58. Ke3 Nc6 59. Kd2 Ke5 60. Ke3 Ne7 61. c4 Nc6 62. Nd5 Nd4 63. Kd2 Nf3+ 64. Ke3 Nh2 65. Ne7 Ng4+ 66. Ke2 Ke6 67. Nd5 Ne5 68. Nb6 Nc6 69. Nd5 Nd4+ 70. Kd2 Kd6 71. Ke3 Ke5 72. Ne7 Nc2+ 73. Ke2 Nxb4 74. Ng6+ Kf6 75. Nh4 Nc6 76. Ke3 Kg5 77. Ng2 Nxa5 78. Kd4 Nb3+ 79. Kc3 Nc5 80. Kb4 b6 81. Ne3 Nd7 82. Nd5 Kg4 83. Ne3+ Kxg3 84. Nxf5+ Kf2 85. Kc3 e3 86. Nd6 e2 87. Ne4+ Ke3 0-1

[Event "Victoria op"]
[Site "Victoria"]
[Date "2019.04.19"]
[Round "1"]
[White "Bince, Rolando"]
[Black "Sali, Zulfikar A"]
[Result "0-1"]
[WhiteElo "2011"]
[BlackElo "2311"]
[PlyCount "100"]
[EventDate "2019.04.19"]
[EventType "swiss"]
[EventRounds "6"]
[EventCountry "CAN"]
[SourceTitle "CBM 190 Extra"]
[Source "ChessBase"]
[SourceDate "2019.07.15"]
[SourceVersion "1"]
[SourceVersionDate "2019.07.15"]
[SourceQuality "1"]

1. d4 Nf6 2. Bf4 g6 3. Nf3 Bg7 4. e3 0-0 5. Bd3 d6 6. 0-0 Nc6 7. Nbd2 h6 8. Bg3 Nh5 9. c3 Nxg3 10. hxg3 e5 11. Nh4 d5 12. dxe5 Nxe5 13. Be2 c5 14. Nhf3 Ng4 15. Nh2 Nf6 16. Bf3 Qe7 17. Re1 Rd8 18. Qa4 Bd7 19. Qb3 Be6 20. Qa4 b5 21. Qa5 Rab8 22. Be2 b4 23. cxb4 Rxb4 24. b3 Rbb8 25. Rac1 Rdc8 26. Ba6 Rc6 27. Nhf3 Ng4 28. Nd4 Rxa6 29. Qxa6 cxd4 30. e4 Rb6 31. Qd3 Ne5 32. Qc2 d3 33. Qc7 Qxc7 34. Rxc7 Ra6 35. a4 dxe4 36. Rxe4 h5 37. Rd4 Nf3+ 38. Nxf3 Bxd4 39. Kf1 Bf6 40. Nd2 Bd8 41. Rc3 Rd6 42. b4 Rd4 43. f4 Be7 44. Ke1 Bxb4 45. Rc7 Bxd2+ 46. Kxd2 Rxa4 47. Kxd3 Ra3+ 48. Ke4 Rxg3 49. Ke5 Kg7 50. Rxa7 Rxg2 0-1

[Event "British Columbia op"]
[Site "Richmond"]
[Date "2019.02.18"]
[Round "6.3"]
[White "Hemstapat, Andrew"]
[Black "Sali, Zulfikar A"]
[Result "0-1"]
[WhiteElo "2208"]
[BlackElo "2308"]
[PlyCount "98"]
[EventDate "2019.02.16"]
[EventType "tourn"]
[EventRounds "6"]
[EventCountry "CAN"]
[SourceTitle "EXT 2022"]
[Source "ChessBase"]
[SourceDate "2021.10.06"]
[SourceVersion "1"]
[SourceVersionDate "2021.10.06"]
[SourceQuality "1"]

1. e4 c5 2. Nf3 d6 3. d4 cxd4 4. Nxd4 Nf6 5. Nc3 a6 6. Bg5 e6 7. f4 Nbd7 8. Qf3 Qc7 9. 0-0-0 b5 10. Bd3 Bb7 11. a3 Be7 12. Rhe1 Qb6 13. Nb3 h6 14. Bh4 Rc8 15. Bf2 Qc7 16. Kb1 Nc5 17. Qg3 0-0 18. Bd4 Nxd3 19. cxd3 Nh5 20. Qg4 Nf6 21. Qg3 Nh5 22. Qf3 Nf6 23. Rc1 Qb8 24. g4 e5 25. Bf2 exf4 26. h4 Nd7 27. d4 f5 28. Nd5 Rxc1+ 29. Nxc1 Bxd5 30. exd5 Qd8 31. gxf5 Rxf5 32. Qg4 Rf7 33. Nd3 Bf8 34. Re6 Nf6 35. Qg2 Qa5 36. Nxf4 Qd2 37. Nh3 Qd3+ 38. Ka1 b4 39. axb4 a5 40. bxa5 Qd1+ 41. Ka2 Qa4+ 42. Kb1 Qxa5 43. Be1 Qa4 44. Qd2 Nxd5 45. Nf2 Ra7 46. Rg6 Qa2+ 47. Kc1 Rc7+ 48. Kd1 Qb3+ 49. Ke2 Rc2 0-1

[Event "British Columbia op"]
[Site "Richmond"]
[Date "2019.02.18"]
[Round "5.2"]
[White "Sali, Zulfikar A"]
[Black "Kaufman, Raymond"]
[Result "0-1"]
[WhiteElo "2308"]
[BlackElo "2356"]
[PlyCount "150"]
[EventDate "2019.02.16"]
[EventType "tourn"]
[EventRounds "6"]
[EventCountry "CAN"]
[SourceTitle "EXT 2022"]
[Source "ChessBase"]
[SourceDate "2021.10.06"]
[SourceVersion "1"]
[SourceVersionDate "2021.10.06"]
[SourceQuality "1"]

1. e4 c5 2. Nf3 Nc6 3. g3 Nf6 4. d3 d5 5. exd5 Nxd5 6. Bg2 g6 7. 0-0 Bg7 8. h3 0-0 9. Re1 b6 10. Nbd2 Bb7 11. Ne4 Qd7 12. h4 h5 13. a3 Rfd8 14. Rb1 Rac8 15. Neg5 Nd4 16. c4 Nc7 17. Ne5 Bxe5 18. Bxb7 Rb8 19. Bg2 Bg7 20. b4 Nde6 21. Bh3 Qxd3 22. Qxd3 Rxd3 23. Nxe6 Nxe6 24. Bxe6 fxe6 25. bxc5 Bc3 26. Bf4 Rbd8 27. Rxe6 Kf7 28. Re3 bxc5 29. Rb7 Bf6 30. Rxa7 R3d7 31. Ra5 Rd4 32. Bc7 Rc8 33. Rxc5 Rd1+ 34. Kg2 Bd4 35. Rf3+ Ke8 36. Rc6 Kd7 37. Rxg6 Rxc7 38. Rg5 Rxc4 39. Rxh5 Rc2 40. Rh7 Rdd2 41. Rhf7 Kd6 42. g4 e5 43. R3f6+ Kd5 44. Rf5 Ke4 45. h5 Be3 46. Rf3 Bf4 47. Rb7 Rc1 48. Rfb3 Rcc2 49. Rf3 Rc4 50. Rg7 Rc1 51. Rb7 Rg1+ 52. Kxg1 Kxf3 53. Rb3+ Kxg4 54. Kg2 Kxh5 55. Kf3 Kg5 56. a4 Ra2 57. Rb4 Kf5 58. Rb5 Rxa4 59. Rc5 Ra3+ 60. Kg2 Kg4 61. Rc4 Ra2 62. Rb4 Kf5 63. Rb3 e4 64. Kf1 Kg4 65. Ke1 Be5 66. Re3 Kf4 67. Rh3 Bd4 68. Rh2 Kf3 69. Rh3+ Kg2 70. Rg3+ Kh2 71. Rg4 Bxf2+ 72. Kf1 e3 73. Rg6 Kh3 74. Rg8 Bh4 75. Re8 e2+ 0-1

[Event "British Columbia op"]
[Site "Richmond"]
[Date "2019.02.17"]
[Round "4.2"]
[White "Nyamdorj, Davaaochir"]
[Black "Sali, Zulfikar A"]
[Result "0-1"]
[WhiteElo "2282"]
[BlackElo "2308"]
[PlyCount "136"]
[EventDate "2019.02.16"]
[EventType "tourn"]
[EventRounds "6"]
[EventCountry "CAN"]
[SourceTitle "EXT 2022"]
[Source "ChessBase"]
[SourceDate "2021.10.06"]
[SourceVersion "1"]
[SourceVersionDate "2021.10.06"]
[SourceQuality "1"]

1. e4 c5 2. Nf3 d6 3. Bb5+ Bd7 4. Bxd7+ Qxd7 5. d4 cxd4 6. Qxd4 Nc6 7. Qd3 g6 8. 0-0 Nf6 9. c4 Bg7 10. Nc3 0-0 11. h3 Rac8 12. Rb1 Qc7 13. b3 a6 14. Bb2 Rfd8 15. Nh2 e6 16. f4 Qa5 17. g4 b5 18. cxb5 Nb4 19. Qe2 axb5 20. a3 Qb6+ 21. Kg2 Nc6 22. g5 Nd4 23. Qe3 Nd7 24. Ne2 Rc2 25. Bxd4 Bxd4 26. Qd3 Rdc8 27. Kh1 Bg7 28. Rbc1 Rxc1 29. Rxc1 Rxc1+ 30. Nxc1 Qc6 31. Ne2 Nc5 32. Qc2 Qa8 33. Ng4 Qxa3 34. e5 dxe5 35. fxe5 Bxe5 36. Kg2 Qa8+ 37. Kg1 Qd5 38. b4 Bd4+ 39. Kh2 Qd6+ 40. Kg2 Qc6+ 41. Kh2 Qd6+ 42. Kg2 Nd7 43. Qc8+ Kg7 44. Nh6 Qd5+ 45. Kh2 Qe5+ 46. Ng3 Qxg5 47. Qh8+ Kxh6 48. Qxd4 Ne5 49. Kg2 Kg7 50. h4 Qf6 51. Qe4 h5 52. Qe2 Ng4 53. Kh3 Qf2 54. Nxh5+ gxh5 55. Qe5+ Qf6 56. Qe2 Qc3+ 57. Kg2 Qxb4 58. Kg3 Nf6 59. Qe5 Qg4+ 60. Kf2 Qxh4+ 61. Kg1 Qg4+ 62. Kh2 b4 63. Qb2 Qe4 64. Kg3 e5 65. Kh2 Qf4+ 66. Kh3 e4 67. Kg2 e3 68. Kh3 Qf1+ 0-1

[Event "Victoria op"]
[Site "Victoria"]
[Date "2019.01.19"]
[Round "2.1"]
[White "Richardson, Ross"]
[Black "Sali, Zulfikar A"]
[Result "0-1"]
[WhiteElo "1756"]
[BlackElo "2316"]
[PlyCount "116"]
[EventDate "2019.01.18"]
[EventType "swiss"]
[EventRounds "5"]
[EventCountry "CAN"]
[SourceTitle "EXT 2022"]
[Source "ChessBase"]
[SourceDate "2021.10.06"]
[SourceVersion "1"]
[SourceVersionDate "2021.10.06"]
[SourceQuality "1"]

1. d4 Nf6 2. c4 g6 3. Nc3 Bg7 4. e4 0-0 5. Be2 d6 6. Bg5 Nbd7 7. Qd2 Re8 8. Nf3 c5 9. d5 a6 10. 0-0 Rb8 11. a4 Qc7 12. Rfe1 h5 13. h3 Nh7 14. Bh6 Bh8 15. Bf4 Bf6 16. Bf1 Kh8 17. Ng5 Nxg5 18. Bxg5 Kg7 19. Bxf6+ exf6 20. f4 Re7 21. Re3 b6 22. Bd3 Bb7 23. g4 hxg4 24. hxg4 Rh8 25. Rg3 Qd8 26. Rf1 Rh4 27. Rf2 Qh8 28. Rh2 Qh6 29. Rxh4 Qxh4 30. Qh2 Qxh2+ 31. Kxh2 Bc8 32. Nd1 Nf8 33. Nf2 g5 34. f5 Nd7 35. b3 Ne5 36. Be2 Re8 37. Kg2 Bd7 38. Nd3 b5 39. axb5 axb5 40. Nxe5 fxe5 41. Rc3 bxc4 42. bxc4 Kf6 43. Rb3 Ke7 44. Rh3 Rf8 45. Ra3 Rb8 46. Ra6 f6 47. Kf2 Bc8 48. Ra7+ Bb7 49. Bd1 Kd7 50. Ra3 Rh8 51. Kg2 Kc7 52. Rh3 Rxh3 53. Kxh3 Kb6 54. Kg3 Ka5 55. Kf3 Kb4 56. Be2 Ba6 57. Ke3 Bxc4 58. Bxc4 Kxc4 0-1

[Event "Victoria Taylor Memorial"]
[Site "Victoria"]
[Date "2018.10.27"]
[Round "2"]
[White "Sali, Zulfikar A"]
[Black "Haines, Duncan"]
[Result "1-0"]
[WhiteElo "2287"]
[BlackElo "1861"]
[PlyCount "63"]
[EventDate "2018.10.26"]
[EventType "swiss"]
[EventRounds "5"]
[EventCountry "CAN"]
[SourceTitle "EXT 2022"]
[Source "ChessBase"]
[SourceDate "2021.10.06"]
[SourceVersion "1"]
[SourceVersionDate "2021.10.06"]
[SourceQuality "1"]

1. e4 e6 2. d4 d5 3. Nc3 Bb4 4. e5 b6 5. Nf3 Ba6 6. Bxa6 Nxa6 7. 0-0 Nb8 8. Ne2 Nd7 9. Ng3 Bf8 10. c4 Ne7 11. b3 g6 12. Bg5 c6 13. Qd2 h6 14. Be3 b5 15. Rac1 Qb6 16. h4 a5 17. Rfd1 bxc4 18. bxc4 Qa6 19. cxd5 cxd5 20. Rc7 Rc8 21. Rxc8+ Nxc8 22. h5 g5 23. Nh2 Ncb6 24. Ng4 Nc4 25. Qd3 Qc6 26. Rb1 Be7 27. Kh2 Qc7 28. Kh3 Ndb6 29. Bc1 Qd7 30. f4 gxf4 31. Bxf4 Bg5 32. Bxg5 1-0

[Event "Keres Memorial 43th"]
[Site "Vancouver"]
[Date "2018.05.20"]
[Round "4"]
[White "Botez, Andrea"]
[Black "Sali, Zulfikar A"]
[Result "0-1"]
[WhiteElo "1714"]
[BlackElo "2176"]
[PlyCount "78"]
[EventDate "2018.05.19"]
[EventType "swiss"]
[EventRounds "6"]
[EventCountry "CAN"]
[SourceTitle "EXT 2019"]
[Source "ChessBase"]
[SourceDate "2018.10.10"]
[SourceVersion "1"]
[SourceVersionDate "2018.10.10"]
[SourceQuality "1"]

1. d4 Nf6 2. Bf4 d6 3. e3 g6 4. Nf3 Bg7 5. Bd3 Nh5 6. Bg5 h6 7. Bh4 g5 8. Nfd2 Nf6 9. Bg3 Nc6 10. c4 0-0 11. Nc3 e5 12. d5 Ne7 13. h4 g4 14. Qc2 Nh5 15. e4 f5 16. exf5 Nxf5 17. Bxf5 Bxf5 18. Nde4 a6 19. Qe2 Nf4 20. Qf1 b5 21. Bxf4 exf4 22. cxb5 Re8 23. f3 Bxc3+ 24. bxc3 Bxe4 25. fxe4 Rxe4+ 26. Kd2 axb5 27. Qxb5 Rb8 28. Qd3 Rb2+ 29. Kc1 Rbe2 30. Rb1 R2e3 31. Qd2 Qf6 32. Rb3 Qe5 33. Kd1 Re2 34. Qd3 Rxa2 35. Rg1 Kg7 36. h5 g3 37. Rh1 Kf6 38. Rb7 Ra1+ 39. Rb1 Ra5 0-1

[Event "Keres Memorial 43th"]
[Site "Vancouver"]
[Date "2018.05.19"]
[Round "1"]
[White "Sali, Zulfikar A"]
[Black "Lehingrat, Callum"]
[Result "1-0"]
[WhiteElo "2176"]
[BlackElo "1835"]
[PlyCount "49"]
[EventDate "2018.05.19"]
[EventType "swiss"]
[EventRounds "6"]
[EventCountry "CAN"]
[SourceTitle "EXT 2019"]
[Source "ChessBase"]
[SourceDate "2018.10.10"]
[SourceVersion "1"]
[SourceVersionDate "2018.10.10"]
[SourceQuality "1"]

1. e4 c5 2. Nf3 d6 3. d4 cxd4 4. Nxd4 Nf6 5. Nc3 a6 6. Be3 e6 7. f3 b5 8. Qd2 Nbd7 9. g4 Nb6 10. 0-0-0 Bb7 11. Qf2 Nfd7 12. a3 Rc8 13. Nb3 Rxc3 14. bxc3 Qc7 15. Bxb6 Nxb6 16. Qd4 d5 17. e5 Bxa3+ 18. Kd2 Na4 19. Ra1 Bb2 20. Rxa4 bxa4 21. Qxa4+ Qc6 22. Qb4 Qc7 23. Nc5 Qxe5 24. Nxb7 d4 25. Qxd4 1-0

[Event "Victoria Grand Pacific op"]
[Site "Victoria"]
[Date "2018.04.01"]
[Round "5.4"]
[White "MacKinnon, Keith"]
[Black "Sali, Zulfikar A"]
[Result "0-1"]
[WhiteElo "2280"]
[BlackElo "2225"]
[PlyCount "90"]
[EventDate "2018.03.30"]
[EventType "swiss"]
[EventRounds "6"]
[EventCountry "CAN"]
[SourceTitle "EXT 2022"]
[Source "ChessBase"]
[SourceDate "2021.10.06"]
[SourceVersion "1"]
[SourceVersionDate "2021.10.06"]
[SourceQuality "1"]

1. e4 c5 2. Nf3 e6 3. d4 cxd4 4. Nxd4 a6 5. Be2 Qc7 6. 0-0 Nf6 7. Nc3 Nc6 8. Be3 d6 9. f4 Bd7 10. a4 Nxd4 11. Qxd4 Bc6 12. f5 e5 13. Qd3 Be7 14. Bf3 h6 15. Rfd1 0-0 16. Rd2 b6 17. Bf2 Qb7 18. Bh4 b5 19. axb5 axb5 20. Rxa8 Rxa8 21. Bxf6 Bxf6 22. Nd5 Bg5 23. Rd1 Ra4 24. g3 Rd4 25. Qb3 Bxd5 26. exd5 Qb6 27. Rxd4 Qxd4+ 28. Kg2 e4 29. Bh5 Qd2+ 30. Kh3 Qf2 31. Qxb5 Qxf5+ 32. Kg2 g6 33. Bd1 e3 34. Qd3 Qf2+ 35. Kh3 h5 36. b4 h4 37. b5 hxg3 38. hxg3 Bd8 39. c4 f5 40. Qe2 Qg1 41. Qf3 g5 42. g4 f4 43. c5 dxc5 44. d6 Kf8 45. Bc2 e2 0-1

[Event "Victoria-Vancouver m"]
[Site "Victoria"]
[Date "2017.01.14"]
[Round "3.4"]
[White "Doknjas, John"]
[Black "Sali, Zulfikar A"]
[Result "1-0"]
[WhiteElo "2275"]
[BlackElo "2120"]
[PlyCount "81"]
[EventDate "2017.01.13"]
[EventType "team-match"]
[EventRounds "5"]
[EventCountry "CAN"]
[SourceTitle "EXT 2022"]
[Source "ChessBase"]
[SourceDate "2021.10.06"]
[SourceVersion "1"]
[SourceVersionDate "2021.10.06"]
[SourceQuality "1"]
[WhiteTeam "Vancouver"]
[BlackTeam "Victoria"]
[WhiteTeamCountry "CAN"]
[BlackTeamCountry "CAN"]

1. d4 Nf6 2. c4 g6 3. Nc3 Bg7 4. e4 d6 5. f3 0-0 6. Be3 e5 7. d5 c6 8. Bd3 a6 9. Nge2 cxd5 10. cxd5 Nbd7 11. 0-0 Nh5 12. Bc2 b5 13. a3 Nb6 14. b3 f5 15. exf5 gxf5 16. Qd3 Nf6 17. g4 e4 18. fxe4 Nxg4 19. Bf4 Kh8 20. Rac1 Nd7 21. Kh1 Nde5 22. Qd2 Ra7 23. Nd4 Qh4 24. Nxf5 Bxf5 25. exf5 Bh6 26. Bxh6 Nxh6 27. Ne2 Rg7 28. Qf4 Rg4 29. Qf2 Qg5 30. Nd4 Rg8 31. Ne6 Qf6 32. Rg1 Rh4 33. Rxg8+ Nxg8 34. Qg3 Ng4 35. Bd1 Nxh2 36. Kg1 h5 37. Rc8 Ng4 38. Qxd6 Rh3 39. Rf8 Qc3 40. Rxg8+ Kxg8 41. Qf8+ 1-0

[Event "Victoria Grand Pacific op 10th"]
[Site "Victoria"]
[Date "2016.03.26"]
[Round "2"]
[White "Maisuradze, Nino"]
[Black "Sali, Zulfikar A"]
[Result "0-1"]
[WhiteElo "2350"]
[BlackElo "2090"]
[PlyCount "90"]
[EventDate "2016.03.25"]
[EventType "swiss"]
[EventRounds "6"]
[EventCountry "CAN"]
[SourceTitle "CBM 171 Extra"]
[Source "ChessBase"]
[SourceDate "2016.04.26"]
[SourceVersion "1"]
[SourceVersionDate "2016.04.26"]
[SourceQuality "1"]

1. d4 Nf6 2. c4 g6 3. Nc3 Bg7 4. e4 0-0 5. f4 d6 6. Nf3 c5 7. d5 e6 8. dxe6 fxe6 9. Bd3 Nc6 10. 0-0 Nd4 11. Ng5 e5 12. f5 h6 13. Nh3 gxf5 14. exf5 b5 15. Be3 bxc4 16. Bxc4+ Kh8 17. g4 d5 18. Bd3 e4 19. Bb1 Rb8 20. Nf4 Rxb2 21. Ng6+ Kg8 22. Na4 Nf3+ 23. Rxf3 exf3 24. Qxf3 Rb4 25. Bc2 Rxg4+ 26. Kh1 Rxg6 27. Bxc5 Ne4 28. Bxf8 Qxf8 29. Rf1 Rg5 30. f6 Nxf6 31. Nc3 Ba6 32. h4 Re5 33. Rg1 Qe7 34. Bb3 Bc4 35. Bxc4 dxc4 36. Qf4 Qe6 37. Kh2 Re3 38. Rg3 Rxg3 39. Qxg3 Ng4+ 40. Kg2 Bxc3 41. Qb8+ Kh7 42. Qb1+ Qg6 43. Qb7+ Bg7 44. h5 Qxh5 45. Qxa7 c3 0-1

[Event "Canadian op"]
[Site "Edmonton"]
[Date "2009.07.14"]
[Round "4.49"]
[White "Sali, Zulfikar A"]
[Black "Seehagen, Terry"]
[Result "1-0"]
[WhiteElo "2126"]
[BlackElo "1756"]
[PlyCount "47"]
[EventDate "2009.07.11"]
[EventType "swiss"]
[EventRounds "9"]
[EventCountry "CAN"]
[SourceTitle "EXT 2022"]
[Source "ChessBase"]
[SourceDate "2021.10.06"]
[SourceVersion "1"]
[SourceVersionDate "2021.10.06"]
[SourceQuality "1"]

1. e4 d5 2. exd5 Nf6 3. Bb5+ Bd7 4. Bc4 Bg4 5. f3 Bf5 6. Nc3 Nbd7 7. g4 Bg6 8. d4 Nb6 9. Bb5+ Nfd7 10. f4 e6 11. Nf3 Be7 12. h4 Nxd5 13. Nxd5 Bxh4+ 14. Nxh4 Be4 15. Nf3 Bxd5 16. Qe2 Qe7 17. Bd2 a6 18. Bxd7+ Qxd7 19. 0-0-0 Qa4 20. a3 b5 21. f5 Bc4 22. Qe5 a5 23. fxe6 0-0-0 24. e7 1-0